Nanotechnology / (Record no. 38878)

MARC details
000 -LEADER
fixed length control field 00676nam a22002057a 4500
005 - DATE AND TIME OF LATEST TRANSACTION
control field 2010080306356.0
010 ## - LCCN (DPL NO)
LC control number ENG-97296
020 ## - INTERNATIONAL STANDARD BOOK NUMBER
International Standard Book Number 9788180940644
Terms of availability 320.00
035 ## - SYSTEM CONTROL NUMBER
System control number EN-80829
037 ## - SOURCE OF ACQUISITION
Source of stock number/acquisition DBAD/PUB
082 ## - DEWEY DECIMAL CLASSIFICATION NUMBER
Classification number 620.5
100 ## - MAIN ENTRY--PERSONAL NAME
Personal name Shanmugam,S
245 F# - TITLE STATEMENT
Title Nanotechnology /
Statement of responsibility, etc by S Shanmugam
260 ## - PUBLICATION, DISTRIBUTION, ETC. (IMPRINT)
Place of publication, distribution, etc Chennai
Name of publisher, distributor, etc MJP Publishers
Date of publication, distribution, etc 2010
270 ## - ADDRESS
Address 47,Nallathambi Street
City Chennai
Postal code 600005
300 ## - PHYSICAL DESCRIPTION
Extent xxii,274p.
Dimensions 23 cm (pbk)
500 ## - GENERAL NOTE
General note Includes index
942 ## - ADDED ENTRY ELEMENTS (KOHA)
Source of classification or shelving scheme Dewey Decimal Classification
Item type English Books
Classification part 620.5
Call number suffix SHA
Holdings
Withdrawn status Lost status Not for loan Collection code Home library Current library Date acquired Source of acquisition Cost, normal purchase price Full call number Barcode Copy number Cost, replacement price Koha item type
    Not For Loan Non-fiction D.B.Act.Division D.B.Act.Division 03/08/2010 DBAD/PUB 320.00 620.5 SHA EN-80829 1 320.00 English Books

© Delhi Public Library
Hit Counter
free hit counter